La gracia de los jueces: la institución judicial y lo sagrado en Occidente

שמור ב:
מידע ביבליוגרפי
Main Authors: Jacob, Robert (Author), Sucar, Germán (Author)
פורמט: ספר
שפה:ספרדית
יצא לאור: Valencia Tirant lo Blanch 2017
מהדורה:1a. ed
סדרה:Teoría
נושאים:
תגים: הוספת תג
אין תגיות, היה/י הראשונ/ה לתייג את הרשומה!

MARC

LEADER 00000cam a2200000 a 4500
001 UCC1919
003 CL-VaPUC
008 171208e20170000sp |||||||||||||||||spa|d
020 |a 9788491197744 
082 0 4 |a 347.01  |b JAC  |2 21 
100 0 |a Jacob, Robert  |e author  |9 596022 
700 0 |a Sucar, Germán  |e author  |9 596023 
245 1 3 |a La gracia de los jueces: la institución judicial y lo sagrado en Occidente 
250 |a 1a. ed 
300 |a 544 p 
942 |c BK 
945 |d 20171208 18:54:00  |a arojas 
260 |a Valencia  |b Tirant lo Blanch  |c 2017 
650 0 |a Administración de justicia  |9 382749 
650 0 |a Poder judicial  |9 254871 
650 0 |a Jueces  |9 256162 
583 |a last modification  |c 20171208 18:54:00  |k Rodrigo Vera 
490 0 |a Teoría 
999 |c 370249  |d 370247 
952 |0 0  |1 0  |3 erb  |4 0  |6 347_010000000000000_JAC_2017  |7 0  |8 A  |9 486602  |a BIBDER  |b BIBDER  |i 5441072  |l 2  |o 347.01 JAC 2017  |p 5441072  |r 2025-01-31  |s 2025-01-31  |w 2019-11-24  |y BK  |z Catalogado en:20171208  |k DER